Number theory and its history

Αποθηκεύτηκε σε:
Λεπτομέρειες βιβλιογραφικής εγγραφής
Μορφή: Βιβλίο
Γλώσσα:English
Δημοσίευση: New York : Dover, 1988, c1948
Σειρά:Dover classics of science and mathematics
Θέματα:
Ετικέτες: Προσθήκη ετικέτας
Δεν υπάρχουν, Καταχωρήστε ετικέτα πρώτοι!

MARC

LEADER 00000cam a2200000 i 4500
001 1/36690
008 941103r19881948 eng d
020 |a 0486656209 
035 |l 10040305 
035 |a 1993  |c ΒΙΒΛΙΟΘΗΚΗ 
040 |a GR-MY-UA  |b gre  |e aacr 
041 0 |a eng 
082 0 |a 512.7  |2 (19) 
245 1 0 |a Number theory and its history /  |c Oystein Ore 
260 |a New York :   |b Dover,   |c 1988, c1948 
300 |a x, 370 p.;  |b ill.;  |c 22 cm 
490 1 |a Dover classics of science and mathematics 
500 |a Reprint, with supplement. Originally published: New York : McGraw-Hill, 1948 
500 |a Includes indexes 
504 |a Bibliography: p. 359d 
650 0 0 |a Number theory. 
650 0 0 |a Mathematics  |x History. 
830 0 |a Dover classics of science and mathematics 
852 |a INST  |b SAMOS  |e 19941103  |h 512.7 ORE  |p 005300008075  |q 005300008075  |t BK  |y 0 
909 |a Σ  |b 029601